000 01091cam a2200313 a 4500
001 16726133
003 OSt
005 20180117090004.0
008 110408s2009 pk b 001 0aeng
010 _a 2011326975
020 _a9789690023346
025 _aP-E-2011326975; 27
037 _bLibrary of Congress -- Islamabad Overseas Office
_cRs 895
040 _aDLC
_cDLC
042 _alcode
_apcc
043 _aa-pk---
050 0 0 _aHB126.P183
_bH395 2009
100 1 _aHasan, Parvez.
245 1 0 _aMy life my country :
_bmemoirs of a Pakistani Economist /
_cParvez Hasan.
260 _aLahore :
_bFerozsons,
_c2011.
300 _a472 p. ;
_c22 cm.
504 _aIncludes bibliographical references (p. 465-468) and index.
600 1 0 _aHasan, Parvez.
650 0 _aEconomists
_zPakistan
_vBiography.
906 _a7
_bcbc
_corigode
_d3
_encip
_f20
_gy-gencatlg
942 _2ddc
_cBK
999 _c3344
_d3344